书目信息 |
| 题名: |
工程机械液压系统维修
|
|
| 作者: | 王世良 编著 | |
| 分册: | ||
| 出版信息: | 成都 电子科技大学出版社 2013 |
|
| 页数: | 232页 | |
| 开本: | 24cm | |
| 丛书名: | ||
| 单 册: | ||
| 中图分类: | TU607 | |
| 科图分类: | ||
| 主题词: | 工程机械--液压系统--维修--高等职业教育--教材 , 工程机械 , 液压系统 | |
| 电子资源: | ||
| ISBN: | 978-7-5647-1441-3 | |
| 000 | 01041nam0 2200265 450 | |
| 001 | 012015000516 | |
| 005 | 20150911083551.00 | |
| 010 | @a978-7-5647-1441-3@dCNY45.00 | |
| 100 | @a20140429d2013 em y0chiy50 ea | |
| 101 | 0 | @achi |
| 102 | @aCN@b510000 | |
| 105 | @aa z 000yy | |
| 106 | @ar | |
| 200 | 1 | @a工程机械液压系统维修@Agong cheng ji xie ye ya xi tong wei xiu@f王世良编著 |
| 210 | @a成都@c电子科技大学出版社@d2013 | |
| 215 | @a232页@c图@d24cm | |
| 300 | @a国家示范性高等职业院校优质核心课程改革教材 机械类 | |
| 330 | @a本书分为七个学习任务,包括:装载机液压系统外泄漏故障检测与维修、装载机齿轮泵供油不足故障检测与维修、装载机多路换向阀工作失灵故障检测与维修、挖掘机液压油缸沉降故障检测与维修、挖掘机柱塞泵供油不足故障检测与维修、挖掘机主控制阀工作失灵故障检测与维修等。 | |
| 606 | 0 | @a工程机械@x液压系统@x维修@x高等职业教育@j教材 |
| 606 | 0 | @a工程机械 |
| 606 | 0 | @a液压系统 |
| 690 | @aTU607@v5 | |
| 701 | 0 | @a王世良@Awang shi liang@f(1964~)@4编著 |
| 801 | 0 | @aCN@b碧洲教育@c20150716 |
| 905 | @a10447@f4@dTU607@e687 | |
| 工程机械液压系统维修/王世良编著.-成都:电子科技大学出版社,2013 |
| 232页:图;24cm |
| 国家示范性高等职业院校优质核心课程改革教材 机械类 |
| ISBN 978-7-5647-1441-3:CNY45.00 |
| 本书分为七个学习任务,包括:装载机液压系统外泄漏故障检测与维修、装载机齿轮泵供油不足故障检测与维修、装载机多路换向阀工作失灵故障检测与维修、挖掘机液压油缸沉降故障检测与维修、挖掘机柱塞泵供油不足故障检测与维修、挖掘机主控制阀工作失灵故障检测与维修等。 |
| ● |
| 相关链接 |
|
|
|
|
正题名:工程机械液压系统维修
索取号:TU607/687
 
预约/预借
| 序号 | 登录号 | 条形码 | 馆藏地/架位号 | 状态 | 备注 |
| 1 | 0849063 | 208490630 | 第二样本阅览室/ [索取号:TU607/687] | 在馆 | |
| 2 | 0849064 | 208490649 | 第三借阅区/ [索取号:TU607/687] | 在馆 | |
| 3 | 0849065 | 208490658 | 第三借阅区/ [索取号:TU607/687] | 在馆 | |
| 4 | 0849066 | 208490667 | 第三借阅区/ [索取号:TU607/687] | 在馆 |